| LEADER | 00473nam a22001692a 4500 | ||
|---|---|---|---|
| 001 | 000127334 | ||
| 003 | CZ BrMZK | ||
| 005 | 19960313143423.0 | ||
| 007 | ta | ||
| 008 | 960713s1978 xr f cze d | ||
| 040 | |a BOA001 |b cze | ||
| 100 | 1 | |a Klíma, Pavel, |d 1946- |7 jx20071218015 | |
| 245 | 1 | 0 | |a Základy etopedie |
| 260 | |a Praha, |c 1978 | ||
| 910 | |a BOA001 |b 4-0794.648 | ||
| 990 | |a BK | ||
| 996 | 7 | |b 2619923137 |c 4-0794.648 |l MZK |r Sklad / do 1 hodiny |n 37 |w 000127334 |u 000010 |a 1 |e BOA001 |j MZK50 |s A | |
English
Čeština 